000 00704nam a2200241 a 4500
005 20140310183334.0
008 060905s19uu xx 00 eng d
020 _a0471731129
050 _aRC 465
_b.Ol47 2007
100 _aOltmanns, Thomas F.
245 _aCase studies in abnormal psychology /
_cThomas F. Oltmanns.
250 _a7th ed.
260 _aUnited States :
_bJohn Wiley & Sons, Inc,
_c2007.
300 _a381 p. :
_c23 cm.
521 _aPSYCH
650 _aPsychology, Pathological
_xCase studies.
650 _aPsychiatry
_xCase studies.
700 _aMartin, Michele T.
700 _aNeale, John M.
700 _aDavison, Gerald C.
942 _cBK
_2lcc
_kFOR
999 _c21634
_d21634